| 000 | 00999nam a22003257a 4500 | ||
|---|---|---|---|
| 001 | BR6900356 | ||
| 003 | BR-BrBNA | ||
| 005 | 20230928083534.0 | ||
| 007 | ta | ||
| 008 | 230509b bl.||||| |||| 00| 0 por d | ||
| 040 |
_aBR-BrBNA _bpor _cBiblioteca Nacional de Agricultura |
||
| 041 | _a(Por) | ||
| 072 |
_aE15; E30 _b/G514 |
||
| 090 | _ E15 BR6900356 | ||
| 110 | 1 |
_aMinisterio da Agricultura, Brasilia, DF (Brasil) _96753 |
|
| 111 | 1 |
_a3. Congresso Nacional de Agropecuaria _cBrasilia, DF (Brazil) _dAug 1969 |
|
| 245 | 1 | _aMunicipalizacao da agricultura [Financiamento; Orcamento; Desenvolvimento agricola; Parana; Brasil] | |
| 260 | 3 |
_aBrasilia, DF (Brasil): _c1969. |
|
| 300 | _a25 p. | ||
| 650 | _aMicroeconomia | ||
| 650 | _aDesenvolvimento agricola | ||
| 650 | _aEconomia agricola | ||
| 650 | _aFinanciamento | ||
| 650 | _aOrcamento | ||
| 650 | _aProdutividade | ||
| 650 | _aAssistencia tecnica | ||
| 650 | _aParana | ||
| 909 |
_a202309 _bLucia _c55 _dLucia Elande |
||
| 942 | _cBK | ||
| 999 |
_c14043 _d14043 |
||